| 000 | 01340nam a22001817a 4500 | ||
|---|---|---|---|
| 008 | 150514b xxu||||| |||| 00| 0 eng d | ||
| 020 | _a420445609 | ||
| 050 | _aKD7164.O4 | ||
| 100 | _aCasson, D. B. | ||
| 245 |
_aOdgers' principles of pleading and practice in civil actions in the high court of justice. / _cD. B. Casson and I. H. Dennis. |
||
| 250 | _a21st ed. | ||
| 260 |
_aLondon: _bStevens and Sons Limited, _c1975. |
||
| 300 |
_axli, 560p.: _c22cm |
||
| 500 | _aIncludes index. | ||
| 505 | _aContents: An Introductory survey -- Matters to be considered before writ -- The Writ and its indorsement -- Matters to be considered after writ -- Procedure under order 14 -- Pleadings -- Material facts -- Certainty -- Answering your opponent's pleading -- Attacking your opponent's pleading -- Amendment -- Statement of claim -- Defence -- Set-off and counterclaim -- Reply and subsequent pleadings -- Discovery of documents -- Settling or withdrawing an action -- Summons for directions -- Interrogatories -- Trial -- Actions by writ in the chancery division -- Other causes and matters in the chancery division -- Appeals -- Execution and enforcement of judgements -- Costs -- Appendix 1: Rules of particular use to students -- Appendix 2: Precedents -- Appendix 3: Opinions and advices. | ||
| 700 | _aDennis, I. H. | ||
| 942 |
_2lcc _cBK |
||
| 999 |
_c5487 _d12987 |
||